<?xml version="1.0" encoding="UTF-8"?>
<collection xmlns="http://www.loc.gov/MARC21/slim">
<record>
  <controlfield tag="001">159869</controlfield>
  <controlfield tag="005">20250520135349.0</controlfield>
  <datafield tag="037" ind1=" " ind2=" ">
    <subfield code="a">GDOC-2024-60655</subfield>
  </datafield>
  <datafield tag="970" ind1=" " ind2=" ">
    <subfield code="a">GDOC-2024-60655</subfield>
  </datafield>
  <datafield tag="041" ind1=" " ind2=" ">
    <subfield code="a">spa</subfield>
  </datafield>
  <datafield tag="041" ind1=" " ind2=" ">
    <subfield code="a">eng</subfield>
  </datafield>
  <datafield tag="540" ind1=" " ind2=" ">
    <subfield code="a">by-nc-sa</subfield>
    <subfield code="b">Creative Commons</subfield>
    <subfield code="c">3.0</subfield>
    <subfield code="u">http://creativecommons.org/licenses/by-nc-sa/3.0/</subfield>
  </datafield>
  <datafield tag="260" ind1=" " ind2=" ">
    <subfield code="a">Zaragoza</subfield>
    <subfield code="b">Universidad de Zaragoza</subfield>
    <subfield code="c">2024-2025</subfield>
  </datafield>
  <datafield tag="245" ind1="0" ind2="0">
    <subfield code="9">60655</subfield>
    <subfield code="a">Trabajo fin de Máster</subfield>
  </datafield>
  <datafield tag="242" ind1="0" ind2="0">
    <subfield code="9">60655</subfield>
    <subfield code="a">Master's Dissertation</subfield>
  </datafield>
  <datafield tag="100" ind1=" " ind2=" ">
    <subfield code="0">(orcid)0000-0002-7931-3901</subfield>
    <subfield code="a">Isabel Abad, Álvaro</subfield>
    <subfield code="1">577510</subfield>
  </datafield>
  <datafield tag="700" ind1=" " ind2=" ">
    <subfield code="0">(orcid)0000-0002-0759-9170</subfield>
    <subfield code="a">Margarita Pilar Aznar, Ramos</subfield>
    <subfield code="1">329250</subfield>
  </datafield>
  <datafield tag="700" ind1=" " ind2=" ">
    <subfield code="0">(orcid)0000-0001-5382-0561</subfield>
    <subfield code="a">Eduardo Bolea, Morales</subfield>
    <subfield code="1">324174</subfield>
  </datafield>
  <datafield tag="700" ind1=" " ind2=" ">
    <subfield code="0">(orcid)0000-0003-1654-3803</subfield>
    <subfield code="a">Javier Camacho, Aguayo</subfield>
    <subfield code="1">699619</subfield>
  </datafield>
  <datafield tag="700" ind1=" " ind2=" ">
    <subfield code="0">(orcid)0000-0002-1373-4850</subfield>
    <subfield code="a">Ana Isabel Elduque, Palomo</subfield>
    <subfield code="1">363142</subfield>
  </datafield>
  <datafield tag="700" ind1=" " ind2=" ">
    <subfield code="0">(orcid)0000-0002-8973-5104</subfield>
    <subfield code="a">Francisco Javier Galbán, Bernal</subfield>
    <subfield code="1">386780</subfield>
  </datafield>
  <datafield tag="700" ind1=" " ind2=" ">
    <subfield code="0">(orcid)0000-0002-3492-6456</subfield>
    <subfield code="a">Ignacio Gascón, Sabaté</subfield>
    <subfield code="1">181957</subfield>
  </datafield>
  <datafield tag="700" ind1=" " ind2=" ">
    <subfield code="0">(orcid)0000-0003-1115-6759</subfield>
    <subfield code="a">Ana María Geer, Ramos</subfield>
    <subfield code="1">510414</subfield>
  </datafield>
  <datafield tag="700" ind1=" " ind2=" ">
    <subfield code="0">(orcid)0000-0001-6040-1920</subfield>
    <subfield code="a">Emilio José Juárez, Pérez</subfield>
    <subfield code="1">803365</subfield>
  </datafield>
  <datafield tag="700" ind1=" " ind2=" ">
    <subfield code="0">(orcid)0000-0003-4500-1974</subfield>
    <subfield code="a">José Antonio López, Calvo</subfield>
    <subfield code="1">365653</subfield>
  </datafield>
  <datafield tag="700" ind1=" " ind2=" ">
    <subfield code="0">(orcid)0000-0001-9379-8047</subfield>
    <subfield code="a">Ana María Mainar, Fernández</subfield>
    <subfield code="1">321565</subfield>
  </datafield>
  <datafield tag="700" ind1=" " ind2=" ">
    <subfield code="0">(orcid)0000-0002-7902-6005</subfield>
    <subfield code="a">Susana de Marcos, Ruiz</subfield>
    <subfield code="1">383518</subfield>
  </datafield>
  <datafield tag="700" ind1=" " ind2=" ">
    <subfield code="0">(orcid)0000-0001-6182-2196</subfield>
    <subfield code="a">José Francisco Martínez, López</subfield>
    <subfield code="1">390349</subfield>
  </datafield>
  <datafield tag="700" ind1=" " ind2=" ">
    <subfield code="0">(orcid)0000-0002-7836-5777</subfield>
    <subfield code="a">Antonio Monzón, Bescós</subfield>
    <subfield code="1">387531</subfield>
  </datafield>
  <datafield tag="700" ind1=" " ind2=" ">
    <subfield code="0">(orcid)0000-0001-6089-6126</subfield>
    <subfield code="a">Julen Munarriz, Tabuenca</subfield>
    <subfield code="1">641881</subfield>
  </datafield>
  <datafield tag="700" ind1=" " ind2=" ">
    <subfield code="0">(orcid)0000-0003-2685-5739</subfield>
    <subfield code="a">María Consolación Cristina Nerín, de la Puerta</subfield>
    <subfield code="1">387223</subfield>
  </datafield>
  <datafield tag="700" ind1=" " ind2=" ">
    <subfield code="0">(orcid)0000-0002-7179-3031</subfield>
    <subfield code="a">Miriam Oliva, Alcubierre</subfield>
    <subfield code="1">320629</subfield>
  </datafield>
  <datafield tag="700" ind1=" " ind2=" ">
    <subfield code="0">(orcid)0000-0002-0661-9889</subfield>
    <subfield code="a">Juan Ignacio Pardo, Fernández</subfield>
    <subfield code="1">383778</subfield>
  </datafield>
  <datafield tag="700" ind1=" " ind2=" ">
    <subfield code="0">(orcid)0000-0001-7814-2277</subfield>
    <subfield code="a">Enrique Romero, Pascual</subfield>
    <subfield code="1">320058</subfield>
  </datafield>
  <datafield tag="700" ind1=" " ind2=" ">
    <subfield code="0">(orcid)0000-0002-3906-4576</subfield>
    <subfield code="a">María Isabel Sanz, Vicente</subfield>
    <subfield code="1">112205</subfield>
  </datafield>
  <datafield tag="700" ind1=" " ind2=" ">
    <subfield code="0">(orcid)0000-0001-9022-2835</subfield>
    <subfield code="a">Jaime Soler, Herrero</subfield>
    <subfield code="1">332483</subfield>
  </datafield>
  <datafield tag="700" ind1=" " ind2=" ">
    <subfield code="0">(orcid)0000-0002-9934-1707</subfield>
    <subfield code="a">Beatriz Zornoza, Encabo</subfield>
    <subfield code="1">510217</subfield>
  </datafield>
  <datafield tag="830" ind1=" " ind2=" ">
    <subfield code="9">540</subfield>
  </datafield>
  <datafield tag="856" ind1="4" ind2=" ">
    <subfield code="s">57662</subfield>
    <subfield code="u">http://zaguan.unizar.es/record/159869/files/guia-60655-en.pdf</subfield>
    <subfield code="y">Guide (english)</subfield>
  </datafield>
  <datafield tag="856" ind1="4" ind2=" ">
    <subfield code="s">64893</subfield>
    <subfield code="u">http://zaguan.unizar.es/record/159869/files/guia-60655-es.pdf</subfield>
    <subfield code="y">Guía (idioma español)</subfield>
  </datafield>
  <datafield tag="521" ind1=" " ind2=" ">
    <subfield code="9">685</subfield>
    <subfield code="a">Máster Universitario en Química Industrial</subfield>
    <subfield code="b">Master's in Industrial Chemistry</subfield>
  </datafield>
  <datafield tag="980" ind1=" " ind2=" ">
    <subfield code="a">GDOC</subfield>
    <subfield code="b">Sciences</subfield>
    <subfield code="b">Ciencias</subfield>
    <subfield code="c">100</subfield>
  </datafield>
</record>
</collection>